000 00776nam a22002417a 4500
003 UA-OsUOA
001 107712
007 ta
008 20140911b un ||||| |||| 00| 0 ukr d
100 _aГрушковський І. М.
090 _a94(477)
_bГ91
942 _cBK
040 _aUA-OsUOA
_bukr
_cUA-OsUOA
_dUA-OsUOA
245 _aУкраїна була, є і буде вічно в супереч ворогів
_bзбірка історично-публіцистичних матеріалів
300 _a44 с.
955 _a1
041 _aukr
080 _a94(477)
260 _aВижниця
_bКарпати-Моравія
_c2014
250 _nвид. 9
650 7 _a9 Географія. Біографії. Історія
_2UDC
999 _c394075
_d394075